| 000 | 00818nam a2200253Ia 4500 | ||
|---|---|---|---|
| 003 | OSt | ||
| 005 | 20220918163456.0 | ||
| 006 | a|||||r|||| 00| 0 | ||
| 007 | ta | ||
| 008 | 220917b |||||||| |||| 00| 0 eng d | ||
| 020 |
_a0039105620 (pbk) _c3351.94 |
||
| 024 | _a239,193 | ||
| 037 |
_b100, 22/08/2008, Bharatiya Sahitya Bhavana _cTextual |
||
| 040 |
_aARTS _cARTS _beng |
||
| 041 |
_2eng _aeng |
||
| 082 | _aY:3(W).63, P7 | ||
| 100 |
_aWaldman Linda _913355 |
||
| 245 | 0 |
_aGriqua conundrum _b Political and socio-cultural identity in the Northern Cape, South Africa |
|
| 260 |
_aOxford _bPeter Lang Germany _c2007 |
||
| 300 |
_a253p. _ccm. |
||
| 650 | _aSOCIOLOGY | ||
| 942 |
_hY:3(W).63, P7 _cTEXL _2CC |
||
| 999 |
_c119772 _d119772 |
||